| Tag |
First Indicator |
Second Indicator |
Subfields |
| LEADER |
00000cam a2200000 i 4500 |
| 001 |
in00000081662 |
| 005 |
20151008053027.0 |
| 008 |
780303s1976 flua b 10000 eng d |
| 035 |
|
|
|a (OCoLC)03687749
|
| 035 |
|
|
|9 AAH5915AM
|
| 040 |
|
|
|a IEA
|c IEA
|d TXA
|d UtOrBLW
|
| 049 |
|
|
|a TXAM
|c [1558732]
|
| 090 |
|
|
|a TJ163.27
|b .E5 1975
|
| 245 |
0 |
0 |
|a Forum proceedings : energy conservation :
|b a national forum, 1-3 December 1975, Fort Lauderdale, Florida /
|c presented by Clean Energy Research Institute, School of Engineering and Environmental Design, University of Miami [and] Institute of Electrical and Electronics Engineers, Broward Section, Fort Lauderdale, Florida ; sponsored by Energy Research and Development Administration [and] School of Continuing Studies, University of Miami ; edited by T. Nejat Veziroglu.
|
| 264 |
|
1 |
|a Coral Gables, Fla. :
|b Clean Energy Research Institute, University of Miami,
|c [1976?]
|
| 300 |
|
|
|a xii, 679 pages :
|b illustrations ;
|c 28 cm.
|
| 336 |
|
|
|a text
|b txt
|2 rdacontent
|
| 337 |
|
|
|a unmediated
|b n
|2 rdamedia
|
| 338 |
|
|
|a volume
|b nc
|2 rdacarrier
|
| 504 |
|
|
|a Includes bibliographical references.
|
| 650 |
|
0 |
|a Energy conservation
|v Congresses.
|
| 700 |
1 |
|
|a Veziroğlu, T. Nejat.
|
| 710 |
2 |
|
|a University of Miami.
|b Clean Energy Research Institute.
|
| 710 |
1 |
|
|a United States.
|b Energy Research and Development Administration.
|
| 710 |
2 |
|
|a Institute of Electrical and Electronics Engineers.
|
| 740 |
0 |
|
|a Energy conservation : a national forum.
|
| 999 |
|
|
|a MARS
|
| 999 |
f |
f |
|s 8d34323e-2f80-3f1a-b5fd-84391bd41d81
|i 1628dd1d-1add-33f7-9bce-2cd46ebbd362
|t 0
|
| 952 |
f |
f |
|p ric
|a Texas A&M University
|b Rellis Campus
|c Joint Library Facility
|d Remote Storage
|t 0
|e TJ163.27 .E5 1975
|h Library of Congress classification
|i unmediated -- volume
|m A14805425236
|
| 998 |
f |
f |
|a TJ163.27 .E5 1975
|t 0
|l Remote Storage
|